| 000 | 00922nam a2200289 i 4500 | ||
|---|---|---|---|
| 001 | 000030708 | ||
| 003 | DO-SdBNP | ||
| 005 | 20241204075652.0 | ||
| 007 | ta | ||
| 008 | 110526s1966 sp 000 0 spa d | ||
| 040 |
_aDO-SdBNP _bspa _cBNPHU _erda |
||
| 041 | _hspa | ||
| 082 |
_a972.93054 _bZ35r _222 |
||
| 100 | 1 |
_aZapico, Marcelino _eautor _957285 |
|
| 245 | 1 | 0 |
_aRevolución en Hispanoamerica : _blo que vi en Santo Domingo / _cMarcelino Zapico. |
| 264 |
_aMadrid : _bEscelicer, _c1966. |
||
| 300 |
_a215 páginas : _bretratos. ; _c21 cm. |
||
| 336 |
_ardacontent _btexto _2txt |
||
| 337 |
_ardamedia _bsin mediación _2n |
||
| 338 |
_ardacarrier _bvolumen _2nc |
||
| 490 | 1 | _aLa historia anecdotica | |
| 590 | _aInventariado, 2024/DG | ||
| 651 | 0 |
_aRepública Dominicana -- _xHistoria -- _y1961- _96572 |
|
| 830 | 0 |
_aLa historia anecdotica _957286 |
|
| 910 | _aValidado. Control de calidad MFF | ||
| 942 |
_2ddc _cLBS1 |
||
| 999 |
_c30200 _d30200 |
||